Performing architecture. (Record no. 353571)

000 -LEADER
fixed length control field 00715nam a22002297a 4500
003 - CONTROL NUMBER IDENTIFIER
control field OSt
005 - DATE AND TIME OF LATEST TRANSACTION
control field 20180116192412.0
008 - FIXED-LENGTH DATA ELEMENTS--GENERAL INFORMATION
fixed length control field 121129t2006 xxu||||| |||| 00| 0 eng d
020 ## - INTERNATIONAL STANDARD BOOK NUMBER
International Standard Book Number 9781858942797
020 ## - INTERNATIONAL STANDARD BOOK NUMBER
International Standard Book Number 1858942799
040 ## - CATALOGING SOURCE
Transcribing agency 0
082 ## - DEWEY DECIMAL CLASSIFICATION NUMBER
Classification number 725.81
100 1# - MAIN ENTRY--PERSONAL NAME
Personal name Hammond, Michael,
9 (RLIN) 6023
245 10 - TITLE STATEMENT
Title Performing architecture.
Remainder of title opera houses, theatres and concert halls for the twenty-first century /
Statement of responsibility, etc. Michael Hammond.
260 ## - PUBLICATION, DISTRIBUTION, ETC.
Place of publication, distribution, etc. London:
Name of publisher, distributor, etc. Merrell;
Date of publication, distribution, etc. 2006.
300 ## - PHYSICAL DESCRIPTION
Extent 239p. :
Other physical details ill;
Dimensions 29 cm.
650 ## - SUBJECT ADDED ENTRY--TOPICAL TERM
Topical term or geographic name entry element Architecture, Modern
9 (RLIN) 6024
650 ## - SUBJECT ADDED ENTRY--TOPICAL TERM
Topical term or geographic name entry element Theaters
9 (RLIN) 6025
650 ## - SUBJECT ADDED ENTRY--TOPICAL TERM
Topical term or geographic name entry element Theater architecture
9 (RLIN) 6026
942 ## - ADDED ENTRY ELEMENTS (KOHA)
Source of classification or shelving scheme
Koha item type Book
Holdings
Withdrawn status Lost status Source of classification or shelving scheme Damaged status Not for loan Permanent Location Current Location Date acquired Total Checkouts Full call number Barcode Date last seen Date last checked out Cost, replacement price Price effective from Koha item type
          School of Art Design and Architecture (SADA) School of Art Design and Architecture (SADA) 11/20/2012 2 725.81 HAM 2006 SADA0001888 02/27/2015 02/26/2015 3542.00 11/29/2012 Book
© 2023 Central Library, National University of Sciences and Technology. All Rights Reserved.